| 000 | 00878nam a22001695i 4500 | ||
|---|---|---|---|
| 001 | 161324 | ||
| 003 | ES-MaACL | ||
| 005 | 20230906212246.0 | ||
| 008 | 041014s1868 sp |||| | spa d | ||
| 040 |
_aCAM _bspa _cCAM |
||
| 100 | 1 |
_aPalomino de Guzmán, Rafael Leopoldo. _9139785 |
|
| 245 | 1 | 3 |
_aLa chaqueta _b: comedia crítica, en un acto y en prosa / _coriginal de R. Leopoldo Palomino de Guzmán. |
| 260 |
_aMadrid : _b[s.n.], _c1868 ( _fImp. José Morales y Rodríguez) |
||
| 300 |
_a27 p. ; _c19 cm. |
||
| 500 | _aEn port.: Estrenada en el teatro de Verano (Circo de Paul) en la noche del 10 de Agosto de 1868, á beneficio del primer actor de carácter, D. Cipriano Martínez. | ||
| 852 |
_aES-MaACL _jF-8564(12) _z-- Enc. pasta española _q-- Falto de la cub. original _z-- Enc. en un vol. facticio formando parte de la col. facticia "Teatro español moderno", vol. 16 |
||
| 999 |
_c161324 _d161324 |
||